UM Logo

Linguistic features of Philippine English/ (Record no. 5712)

MARC details
000 -LEADER
fixed length control field 00614nam a22001817a 4500
008 - FIXED-LENGTH DATA ELEMENTS--GENERAL INFORMATION
fixed length control field 161116b xxu||||| |||| 00| 0 eng d
020 ## - INTERNATIONAL STANDARD BOOK NUMBER
International Standard Book Number 978-621-8019-12-6
082 ## - DEWEY DECIMAL CLASSIFICATION NUMBER
Edition number 2016
Classification number DFil 410
Item number D33l
100 ## - MAIN ENTRY--PERSONAL NAME
9 (RLIN) 17505
Personal name Dayon, Charlie A.
245 ## - TITLE STATEMENT
Title Linguistic features of Philippine English/
Statement of responsibility, etc. Charlie A. Dayon.
260 ## - PUBLICATION, DISTRIBUTION, ETC. (IMPRINT)
Place of publication, distribution, etc. Philippines:
Name of publisher, distributor, etc. Cronica BookHaus,
Date of publication, distribution, etc. c2016.
300 ## - PHYSICAL DESCRIPTION
Extent i, 37 pages:
Other physical details illustrations;
Dimensions 28 cm.
500 ## - GENERAL NOTE
General note Includes bibliographical references and index.
650 #0 - SUBJECT ADDED ENTRY--TOPICAL TERM
9 (RLIN) 17507
Topical term or geographic name as entry element Linguistics
650 #0 - SUBJECT ADDED ENTRY--TOPICAL TERM
9 (RLIN) 17509
Topical term or geographic name as entry element English language -- Philippines.
365 ## - TRADE PRICE
Price amount 540.00
Currency code Php
942 ## - ADDED ENTRY ELEMENTS (KOHA)
Source of classification or shelving scheme Dewey Decimal Classification
Koha item type Filipiniana
Holdings
Withdrawn status Lost status Source of classification or shelving scheme Damaged status Not for loan Collection code Home library Current library Date acquired Source of acquisition Total Checkouts Full call number Barcode Date last seen Price effective from Koha item type
    Dewey Decimal Classification     Filipiniana UM Digos College - LIC UM Digos College - LIC 10/27/2016 Purchased   DFil 410 D33l 2016 24440 05/15/2025 11/16/2016 Filipiniana